000 00274nam a22001217a 4500
008 171002b xxu||||| |||| 00| 0 eng d
041 _aeng
080 _a159.9
100 _a48
101 _aEDU
245 _aALTERED STATES OF CONSCIOUSNESS
_cTART, CH.T
942 _2udc
_cBK
999 _c31222
_d31222